Catálogo
 En Linea

Ballet y revolución / (Registro nro. 39838)

Detalles MARC
000 -CABECERA
campo de control de longitud fija 00484nam a2200145 a 4500
001 - NÚMERO DE CONTROL
campo de control 000040348
005 - FECHA Y HORA DE LA ÚLTIMA TRANSACCIÓN
campo de control 20201002034056.0
008 - DATOS DE LONGITUD FIJA--INFORMACIÓN GENERAL
campo de control de longitud fija 130822s1973 cu 000 0 spa d
040 ## - FUENTE DE LA CATALOGACIÓN
Centro catalogador/agencia de origen DO-SdBNP
Lengua de catalogación spa
Centro/agencia transcriptor BNPHU
100 1# - ENTRADA PRINCIPAL--NOMBRE DE PERSONA
Nombre de persona Ruíz Rodríguez, Raúl Rubén
9 (RLIN) 66644
245 10 - MENCIÓN DE TÍTULO
Título Ballet y revolución /
Mención de responsabilidad, etc. Raúl Rubén Ruiz Rodríguez.
260 ## - PUBLICACIÓN, DISTRIBUCIÓN, ETC.
Lugar de publicación, distribución, etc. La Habana :
Nombre del editor, distribuidor, etc. Orientación Revolucionaria del Comité Central,
Fecha de publicación, distribución, etc. 1973--.
300 ## - DESCRIPCIÓN FÍSICA
Extensión 45 p. :
Otras características físicas il., retrs. ;
Dimensiones 21 cm.
586 ## - NOTA DE PREMIOS
Nota de premios Premio ensayo
Existencias
Estado de retiro Estado de pérdida Restricciones de uso No para préstamo Código de colección Localización permanente Ubicación/localización actual Ubicación en estantería Fecha de adquisición Número de inventario Total de préstamos Signatura topográfica completa Código de barras Fecha visto por última vez Precio válido a partir de Tipo de ítem Koha
      Excluido de préstamo Monografías: Libros y Folletos General General En catalogación 22.08.2013 LF1   40348-10 25.06.2020 25.06.2020 No se presta

Con tecnología Koha